| 000 | 00371 a2200157 4500 | ||
|---|---|---|---|
| 003 | Nust | ||
| 005 | 20230221095133.0 | ||
| 040 | _cNust | ||
| 082 | _a297,IDR | ||
| 245 | _aFikro Nazar / | ||
| 260 |
_aIslamabad _bIslamic research center _c1981 |
||
| 300 | _a65 pages | ||
| 538 | _aAlmirah No.66, Shelf No.1 | ||
| 650 |
_aFikro Nazar-Magazine _9109285 |
||
| 942 |
_2ddc _cBK |
||
| 999 |
_c194153 _d194153 |
||